000 00392nam a22001697a 4500
003 MPLRDC
005 20220104114210.0
008 210129b ||||| |||| 00| 0 eng d
082 _a857.45 JDF
100 _a金东方
245 _a逐鹿记
_c
260 _a
_b金兰文化出版社
_c1984
300 _b
490 _a历史小说
650 _a历史小说
942 _cBK
_o857.45 JDF
999 _c5605
_d5595